[Event "Mombasa (Women) op"]
[Site "Shanzu"]
[Date "2022.10.10"]
[Round "6"]
[White "Cherono, Mercy"]
[Black "Francisca, Kagwiria"]
[Result "1-0"]
[WhiteElo "1146"]
[BlackElo "1314"]
[PlyCount "101"]
[EventDate "2022.10.08"]
[EventType "swiss"]
[EventRounds "6"]
[EventCountry "KEN"]
[SourceTitle "EXT 2024"]
[Source "ChessBase"]
[SourceDate "2023.10.10"]
[SourceVersion "1"]
[SourceVersionDate "2023.10.10"]
[SourceQuality "1"]

1. d4 Nc6 2. Bf4 d6 3. Nf3 g6 4. e3 Bg7 5. Bb5 Bd7 6. c3 a6 7. Be2 e5 8. dxe5 dxe5 9. Bg3 f5 10. Qb3 e4 11. Bh4 Nf6 12. Ng5 Ne5 13. Bg3 h6 14. Ne6 Qe7 15. Nxc7+ Kf8 16. Nxa8 Be6 17. Qb4 Qxb4 18. cxb4 Nc6 19. Bd6+ Kf7 20. Nc3 Rxa8 21. 0-0 Rd8 22. Rad1 Ne8 23. Bc5 Rxd1 24. Rxd1 Bxc3 25. bxc3 Nf6 26. Rd2 Nd5 27. Bc4 Nxc3 28. Bxe6+ Kxe6 29. Rd6+ Ke5 30. Rxc6 bxc6 31. Bd4+ Kd5 32. Bxc3 Kc4 33. Be1 Kd3 34. Kf1 Kc2 35. a4 Kb3 36. a5 Kc4 37. Ke2 c5 38. bxc5 Kxc5 39. Kd2 Kc4 40. Kc2 Kb5 41. Kb3 Kc5 42. Bc3 Kb5 43. h4 h5 44. g3 Kc5 45. Ka4 Kc4 46. Be5 Kd3 47. Kb4 Ke2 48. Kc5 Kxf2 49. Bf4 Kf3 50. Kb6 Kg4 51. Kxa6 1-0

[Event "Mombasa (Women) op"]
[Site "Shanzu"]
[Date "2022.10.09"]
[Round "3"]
[White "Mboya, Audrey Tracy"]
[Black "Francisca, Kagwiria"]
[Result "0-1"]
[WhiteElo "1298"]
[BlackElo "1314"]
[PlyCount "88"]
[EventDate "2022.10.08"]
[EventType "swiss"]
[EventRounds "6"]
[EventCountry "KEN"]
[SourceTitle "EXT 2024"]
[Source "ChessBase"]
[SourceDate "2023.10.10"]
[SourceVersion "1"]
[SourceVersionDate "2023.10.10"]
[SourceQuality "1"]

1. e4 Nc6 2. Nc3 e5 3. Bc4 Nf6 4. d3 Bb4 5. Nf3 Bxc3+ 6. bxc3 d6 7. h3 Ne7 8. 0-0 0-0 9. Nh4 Kh8 10. f4 exf4 11. Bxf4 Ng6 12. Bg5 Nxh4 13. Bxh4 Be6 14. Bb3 c6 15. Bxf6 gxf6 16. d4 Rg8 17. Rf4 Bxh3 18. Qh5 Bxg2 19. Kh2 d5 20. Rg1 Bxe4 21. Qxf7 Rxg1 22. Kxg1 Qg8+ 23. Qxg8+ Rxg8+ 24. Kf2 Rg2+ 25. Ke3 f5 26. Rf2 Rg3+ 27. Kf4 Rxc3 28. Ke5 Kg7 29. Rf1 h5 30. Rg1+ Kh6 31. Kf6 f4 32. Rg8 Rg3 33. Rh8+ Bh7 34. c4 Rg8 35. Rxg8 Bxg8 36. c5 f3 37. Bd1 f2 38. Be2 h4 39. Bf1 Kh5 40. Kf5 Be6+ 41. Kf4 Bg4 42. Ke3 h3 43. Kxf2 Kh4 44. a4 a5 0-1

[Event "KEN-ch (Women)"]
[Site "Nairobi"]
[Date "2021.12.26"]
[Round "2"]
[White "Madelta, Glenda"]
[Black "Francisca, Kagwiria"]
[Result "1-0"]
[WhiteElo "1455"]
[BlackElo "1222"]
[PlyCount "94"]
[EventDate "2021.12.26"]
[EventType "swiss"]
[EventRounds "9"]
[EventCountry "KEN"]
[SourceTitle "EXT 2023"]
[Source "ChessBase"]
[SourceDate "2022.10.05"]
[SourceVersion "1"]
[SourceVersionDate "2022.10.05"]
[SourceQuality "1"]

1. d4 Nc6 2. Nc3 d6 3. Bf4 g6 4. e3 Bg7 5. Nf3 Bg4 6. Bb5 a6 7. Bxc6+ bxc6 8. h3 Bd7 9. Ne2 Nf6 10. 0-0 0-0 11. Nd2 Nh5 12. Bh2 c5 13. dxc5 Bxb2 14. Rb1 Bg7 15. Nb3 Bb5 16. Re1 Qd7 17. Ned4 Bc4 18. Qd2 dxc5 19. Nxc5 Qd5 20. Ncb3 c5 21. e4 Qd8 22. Nf3 Qc8 23. Qa5 Rd8 24. Be5 Rd7 25. Bxg7 Nxg7 26. Ne5 Bxb3 27. Nxd7 Bxa2 28. Nf6+ exf6 29. Qxa2 Ne6 30. Rb6 Kg7 31. Ra1 a5 32. Qd5 a4 33. Rb7 Rb8 34. Rxb8 Qxb8 35. Qc4 Qb2 36. Qxa4 Nd4 37. Rd1 Nxc2 38. Qc4 Nd4 39. Qxc5 Ne2+ 40. Kf1 Nc3 41. Re1 Qb5+ 42. Qxb5 Nxb5 43. f4 Nd4 44. Kf2 f5 45. Rd1 Ne6 46. Ke3 g5 47. g3 h5 1-0